<?xml version="1.0" encoding="UTF-8"?>
<record
    xmlns:xsi="http://www.w3.org/2001/XMLSchema-instance"
    xsi:schemaLocation="http://www.loc.gov/MARC21/slim http://www.loc.gov/standards/marcxml/schema/MARC21slim.xsd"
    xmlns="http://www.loc.gov/MARC21/slim">

  <leader>00585nam a22002057a 4500</leader>
  <controlfield tag="005">20240223102919.0</controlfield>
  <controlfield tag="008">240223b           ||||| |||| 00| 0 eng d</controlfield>
  <datafield tag="020" ind1=" " ind2=" ">
    <subfield code="a">9789358492330</subfield>
  </datafield>
  <datafield tag="040" ind1=" " ind2=" ">
    <subfield code="a">IN-DiNC</subfield>
    <subfield code="c">IN-DiNC</subfield>
  </datafield>
  <datafield tag="041" ind1=" " ind2=" ">
    <subfield code="d">eng</subfield>
  </datafield>
  <datafield tag="082" ind1=" " ind2=" ">
    <subfield code="a">420</subfield>
    <subfield code="b">BOR</subfield>
  </datafield>
  <datafield tag="100" ind1=" " ind2=" ">
    <subfield code="a">Borthakur, Sunil</subfield>
    <subfield code="e">author</subfield>
  </datafield>
  <datafield tag="245" ind1=" " ind2=" ">
    <subfield code="a">English language and communication skills/</subfield>
    <subfield code="c">by Sunil Borthakur and Rizia Begum Laskar</subfield>
  </datafield>
  <datafield tag="250" ind1=" " ind2=" ">
    <subfield code="a">2nd ed.</subfield>
  </datafield>
  <datafield tag="260" ind1=" " ind2=" ">
    <subfield code="a">Dibrugarh:</subfield>
    <subfield code="b">Banalata,</subfield>
    <subfield code="c">2024.</subfield>
  </datafield>
  <datafield tag="300" ind1=" " ind2=" ">
    <subfield code="a">341p.</subfield>
  </datafield>
  <datafield tag="650" ind1=" " ind2=" ">
    <subfield code="a">English communication</subfield>
  </datafield>
  <datafield tag="700" ind1=" " ind2=" ">
    <subfield code="a">Laskar, Rizia Begum</subfield>
    <subfield code="e">author</subfield>
  </datafield>
  <datafield tag="942" ind1=" " ind2=" ">
    <subfield code="2">ddc</subfield>
    <subfield code="c">BK</subfield>
  </datafield>
  <datafield tag="999" ind1=" " ind2=" ">
    <subfield code="c">11753</subfield>
    <subfield code="d">11753</subfield>
  </datafield>
  <datafield tag="952" ind1=" " ind2=" ">
    <subfield code="0">0</subfield>
    <subfield code="1">0</subfield>
    <subfield code="2">ddc</subfield>
    <subfield code="4">0</subfield>
    <subfield code="7">0</subfield>
    <subfield code="8">ENG</subfield>
    <subfield code="a">MAIN</subfield>
    <subfield code="b">MAIN</subfield>
    <subfield code="c">GEN</subfield>
    <subfield code="d">2024-02-23</subfield>
    <subfield code="g">140.00</subfield>
    <subfield code="l">16</subfield>
    <subfield code="o">420 BOR</subfield>
    <subfield code="p">29918</subfield>
    <subfield code="q">2026-05-14</subfield>
    <subfield code="r">2026-04-25 08:52:00</subfield>
    <subfield code="s">2026-04-25</subfield>
    <subfield code="t">1</subfield>
    <subfield code="w">2024-02-23</subfield>
    <subfield code="y">BK</subfield>
  </datafield>
  <datafield tag="952" ind1=" " ind2=" ">
    <subfield code="0">0</subfield>
    <subfield code="1">0</subfield>
    <subfield code="2">ddc</subfield>
    <subfield code="4">0</subfield>
    <subfield code="7">0</subfield>
    <subfield code="8">ENG</subfield>
    <subfield code="a">MAIN</subfield>
    <subfield code="b">MAIN</subfield>
    <subfield code="c">GEN</subfield>
    <subfield code="d">2024-02-23</subfield>
    <subfield code="g">140.00</subfield>
    <subfield code="l">12</subfield>
    <subfield code="o">420 BOR</subfield>
    <subfield code="p">29919</subfield>
    <subfield code="q">2026-05-14</subfield>
    <subfield code="r">2026-04-25 08:45:22</subfield>
    <subfield code="s">2026-04-25</subfield>
    <subfield code="t">2</subfield>
    <subfield code="w">2024-02-23</subfield>
    <subfield code="y">BK</subfield>
  </datafield>
  <datafield tag="952" ind1=" " ind2=" ">
    <subfield code="0">0</subfield>
    <subfield code="1">0</subfield>
    <subfield code="2">ddc</subfield>
    <subfield code="4">0</subfield>
    <subfield code="7">0</subfield>
    <subfield code="8">ENG</subfield>
    <subfield code="a">MAIN</subfield>
    <subfield code="b">MAIN</subfield>
    <subfield code="c">GEN</subfield>
    <subfield code="d">2024-02-23</subfield>
    <subfield code="g">140.00</subfield>
    <subfield code="l">8</subfield>
    <subfield code="o">420 BOR</subfield>
    <subfield code="p">29920</subfield>
    <subfield code="r">2025-05-29 05:39:46</subfield>
    <subfield code="s">2025-04-23</subfield>
    <subfield code="t">3</subfield>
    <subfield code="w">2024-02-23</subfield>
    <subfield code="y">BK</subfield>
  </datafield>
  <datafield tag="952" ind1=" " ind2=" ">
    <subfield code="0">0</subfield>
    <subfield code="1">0</subfield>
    <subfield code="2">ddc</subfield>
    <subfield code="4">0</subfield>
    <subfield code="7">0</subfield>
    <subfield code="8">ENG</subfield>
    <subfield code="a">MAIN</subfield>
    <subfield code="b">MAIN</subfield>
    <subfield code="c">GEN</subfield>
    <subfield code="d">2024-02-23</subfield>
    <subfield code="g">140.00</subfield>
    <subfield code="l">13</subfield>
    <subfield code="o">420 BOR</subfield>
    <subfield code="p">29921</subfield>
    <subfield code="q">2026-05-12</subfield>
    <subfield code="r">2026-04-23 06:23:55</subfield>
    <subfield code="s">2026-04-23</subfield>
    <subfield code="t">4</subfield>
    <subfield code="w">2024-02-23</subfield>
    <subfield code="y">BK</subfield>
  </datafield>
  <datafield tag="952" ind1=" " ind2=" ">
    <subfield code="0">0</subfield>
    <subfield code="1">0</subfield>
    <subfield code="2">ddc</subfield>
    <subfield code="4">0</subfield>
    <subfield code="7">0</subfield>
    <subfield code="8">ENG</subfield>
    <subfield code="a">MAIN</subfield>
    <subfield code="b">MAIN</subfield>
    <subfield code="c">GEN</subfield>
    <subfield code="d">2024-02-23</subfield>
    <subfield code="g">140.00</subfield>
    <subfield code="l">12</subfield>
    <subfield code="o">420 BOR</subfield>
    <subfield code="p">29922</subfield>
    <subfield code="r">2026-05-12 06:23:05</subfield>
    <subfield code="s">2026-04-24</subfield>
    <subfield code="t">5</subfield>
    <subfield code="w">2024-02-23</subfield>
    <subfield code="y">BK</subfield>
  </datafield>
  <datafield tag="952" ind1=" " ind2=" ">
    <subfield code="0">0</subfield>
    <subfield code="1">0</subfield>
    <subfield code="2">ddc</subfield>
    <subfield code="4">0</subfield>
    <subfield code="7">0</subfield>
    <subfield code="8">ENG</subfield>
    <subfield code="a">MAIN</subfield>
    <subfield code="b">MAIN</subfield>
    <subfield code="c">GEN</subfield>
    <subfield code="d">2024-02-23</subfield>
    <subfield code="g">140.00</subfield>
    <subfield code="l">15</subfield>
    <subfield code="o">420 BOR</subfield>
    <subfield code="p">29923</subfield>
    <subfield code="q">2026-04-20</subfield>
    <subfield code="r">2026-03-27 04:51:02</subfield>
    <subfield code="s">2026-03-27</subfield>
    <subfield code="t">6</subfield>
    <subfield code="w">2024-02-23</subfield>
    <subfield code="y">BK</subfield>
  </datafield>
  <datafield tag="952" ind1=" " ind2=" ">
    <subfield code="0">0</subfield>
    <subfield code="1">0</subfield>
    <subfield code="2">ddc</subfield>
    <subfield code="4">0</subfield>
    <subfield code="7">0</subfield>
    <subfield code="8">ENG</subfield>
    <subfield code="a">MAIN</subfield>
    <subfield code="b">MAIN</subfield>
    <subfield code="c">GEN</subfield>
    <subfield code="d">2024-02-23</subfield>
    <subfield code="g">140.00</subfield>
    <subfield code="l">9</subfield>
    <subfield code="o">420 BOR</subfield>
    <subfield code="p">29924</subfield>
    <subfield code="r">2025-09-01 09:19:25</subfield>
    <subfield code="s">2025-08-01</subfield>
    <subfield code="t">7</subfield>
    <subfield code="w">2024-02-23</subfield>
    <subfield code="y">BK</subfield>
  </datafield>
  <datafield tag="952" ind1=" " ind2=" ">
    <subfield code="0">0</subfield>
    <subfield code="1">0</subfield>
    <subfield code="2">ddc</subfield>
    <subfield code="4">0</subfield>
    <subfield code="7">0</subfield>
    <subfield code="8">ENG</subfield>
    <subfield code="a">MAIN</subfield>
    <subfield code="b">MAIN</subfield>
    <subfield code="c">GEN</subfield>
    <subfield code="d">2024-02-23</subfield>
    <subfield code="g">140.00</subfield>
    <subfield code="l">16</subfield>
    <subfield code="o">420 BOR</subfield>
    <subfield code="p">29925</subfield>
    <subfield code="q">2026-04-20</subfield>
    <subfield code="r">2026-03-27 04:50:44</subfield>
    <subfield code="s">2026-03-27</subfield>
    <subfield code="t">8</subfield>
    <subfield code="w">2024-02-23</subfield>
    <subfield code="y">BK</subfield>
  </datafield>
  <datafield tag="952" ind1=" " ind2=" ">
    <subfield code="0">0</subfield>
    <subfield code="1">0</subfield>
    <subfield code="2">ddc</subfield>
    <subfield code="4">0</subfield>
    <subfield code="7">0</subfield>
    <subfield code="8">ENG</subfield>
    <subfield code="a">MAIN</subfield>
    <subfield code="b">MAIN</subfield>
    <subfield code="c">GEN</subfield>
    <subfield code="d">2024-02-23</subfield>
    <subfield code="g">140.00</subfield>
    <subfield code="l">11</subfield>
    <subfield code="o">420 BOR</subfield>
    <subfield code="p">29926</subfield>
    <subfield code="q">2025-12-04</subfield>
    <subfield code="r">2025-11-19 06:02:34</subfield>
    <subfield code="s">2025-11-19</subfield>
    <subfield code="t">9</subfield>
    <subfield code="w">2024-02-23</subfield>
    <subfield code="y">BK</subfield>
  </datafield>
  <datafield tag="952" ind1=" " ind2=" ">
    <subfield code="0">0</subfield>
    <subfield code="1">0</subfield>
    <subfield code="2">ddc</subfield>
    <subfield code="4">0</subfield>
    <subfield code="7">0</subfield>
    <subfield code="8">ENG</subfield>
    <subfield code="a">MAIN</subfield>
    <subfield code="b">MAIN</subfield>
    <subfield code="c">GEN</subfield>
    <subfield code="d">2024-02-23</subfield>
    <subfield code="g">140.00</subfield>
    <subfield code="l">1</subfield>
    <subfield code="o">420 BOR</subfield>
    <subfield code="p">29927</subfield>
    <subfield code="r">2024-06-08 06:49:58</subfield>
    <subfield code="s">2024-02-23</subfield>
    <subfield code="t">10</subfield>
    <subfield code="w">2024-02-23</subfield>
    <subfield code="y">BK</subfield>
  </datafield>
</record>
